Přírodní stavební materiály

Guardado en:
Detalles Bibliográficos
Autor principal: Chybík, Josef (Autor)
Formato: Libro
Lenguaje:checo
Publicado: Praha : Grada, 2009
Edición:1.vyd.
Materias:
Etiquetas: Agregar Etiqueta
Sin Etiquetas, Sea el primero en etiquetar este registro!

MARC

LEADER 00000nam a22000003a 4500
001 stu195658
005 20150617230028.0
008 091106s2009------------------------cze-d
020 |a 978-80-247-2532-1 
040 |a STU  |b slo 
041 0 |a cze 
080 |a 691.1 
100 1 |a Chybík, Josef  |4 aut 
245 1 |a Přírodní stavební materiály 
250 |a 1.vyd. 
260 |a Praha :  |b Grada,  |c 2009 
300 |a 268 s 
650 7 |a materiály prírodné  |2 stusub 
650 7 |a hlina  |2 stusub 
650 7 |a slama  |2 stusub 
650 7 |a stavebné materiály  |2 stusub 
996 |b 284V033659  |c V*50760/O-22716  |l VVT  |s A  |a 24  |w stu195658_0001 
996 |b 284AU04371  |c A*6815 U  |l AAKNAR  |s A  |a 24  |w stu195658_0002 
996 |b 284V031466  |c V*51071/O-22831a  |l VVS  |s A  |a 24  |w stu195658_0003 
996 |b 284V031465  |c V*51070/O-22831  |l VVS  |s A  |a 24  |w stu195658_0004